Dal buco della serratura "La Lettera" : racconto /

Enregistré dans:
Détails bibliographiques
Auteur principal: Canuto, Guglielmo
Format: Livre
Langue:italien
Publié: Buccino (Sa) : BookSprint , 2011
Tags: Ajouter un tag
Pas de tags, Soyez le premier à ajouter un tag!

MARC

LEADER 00000nam a22000007i 4500
001 IT\ICCU\BVE\0566891
003 ItRI
005 20260216160202.0
008 120320s2011 it |||||| ||||| |||||c
020 |a 9788865952153 
040 |b ita  |c Arcigay Verona 
041 7 |a ita  |2 ISO-639-2 
100 1 |a Canuto, Guglielmo  |0 IT\ICCU\BVEV\185668 
245 1 0 |a Dal buco della serratura "La Lettera" :  |b racconto /  |c Guglielmo Canuto. 
260 |a Buccino (Sa) :  |b BookSprint ,  |c 2011 
300 |a 302 p. ;  |c 21 cm. 
942 |2 ddc  |c BK  |n 0 
952 |0 0  |1 0  |4 0  |6 853_920000000000000_CAN_DAL  |7 0  |9 32993  |a VR  |b VR  |d 2026-02-16  |i 74  |l 0  |o 853.92 CAN DAL  |p OBE-74  |r 2026-02-16 15:28:37  |w 2026-02-16  |y BK 
999 |c 28663  |d 28663